000 00719cam a22002054a 4500
005 20250605164225.0
008 250528s ||||||||||||||||||||||||d
035 _a20841
020 _a9789604842827
040 _aGR-AtMCL
_bgre
_dGR-AtMCL
_eAACR2
245 1 _aΟι Καλοί και οι Κακοί Πειρατές
250 _a
260 _bΠαπαδόπουλος,
_c2011
300 _a36
520 _aΈνα αστείο, παιχνιδιάρικο και πολύχρωμο πειρατικό βιβλίο, για να μάθουμε να αντιμετωπίζουμε κακούς
700 1 _aΠαπαθεοδούλου Αντώνης
_96815
942 _cBK
999 _c5923
_d5923